The rule of faith: (Record no. 6255)

MARC details
000 -LEADER
fixed length control field 00496nam a22001697a 4500
003 - CONTROL NUMBER IDENTIFIER
control field GBCCL
005 - DATE AND TIME OF LATEST TRANSACTION
control field 20241126110559.0
008 - FIXED-LENGTH DATA ELEMENTS--GENERAL INFORMATION
fixed length control field 180504b ||||| |||| 00| 0 eng d
040 ## - CATALOGING SOURCE
Transcribing agency gbc
082 ## - DEWEY DECIMAL CLASSIFICATION NUMBER
Classification number 234.23
Item number PAT
100 ## - MAIN ENTRY--PERSONAL NAME
Personal name Paterson, W. P.
Dates associated with a name 1860 - 1939
9 (RLIN) 11209
245 ## - TITLE STATEMENT
Title The rule of faith:
Remainder of title Being baird lecture for 1905 /
Statement of responsibility, etc. W. P. Paterson
260 ## - PUBLICATION, DISTRIBUTION, ETC.
Name of publisher, distributor, etc. Hodder and Stoughton,
Place of publication, distribution, etc. London:
Date of publication, distribution, etc. 1912
300 ## - PHYSICAL DESCRIPTION
Extent 439 p.;
Dimensions 19 cm.
650 ## - SUBJECT ADDED ENTRY--TOPICAL TERM
Topical term or geographic name entry element Authority
General subdivision Religious aspects
9 (RLIN) 1597
942 ## - ADDED ENTRY ELEMENTS (KOHA)
Source of classification or shelving scheme Dewey Decimal Classification
Koha item type Books
Holdings
Withdrawn status Lost status Source of classification or shelving scheme Damaged status Not for loan Home library Current Library Shelving location Date acquired Total checkouts Full call number Barcode Date last seen Copy number Price effective from Koha item type
    Dewey Decimal Classification     GRACE BIBLE COLLEGE GRACE BIBLE COLLEGE Theology 2018-05-04   234.23 PAT 001939 2025-05-01 c.1 2018-05-04 Books
© Grace Bible College Library 2025